000 00746nam a2200205 4500
999 _c163373
_d163373
005 20190411153558.0
010 _aENG-124986
020 _a9789387324480
_c360.00
035 _aEN-103518
037 _bDBAD/PUB
082 _a330.951
100 _aDhamodharan, Nappinnai
245 _aThe other great wall:
_bChina's urban-rural divide/
_cby Nappinnai Dhamodharan, Kritajnya Raghunathan [and] Akanksha Soni
260 _aNew Delhi
_bKW Publishers
_c2018
270 _a4676/21, First Floor, Ansari Road
_bDaryaganj, New Delhi
_e110002
_k011-23263498, 43528107
_mkw@kwpub.com.www.kwpub.com
300 _axvi;61p.
_c23cm(Pbk)
700 _aRaghunathan., Kritajnya
700 _aSoni, Akanksha
942 _2ddc
_cEN
_h330.951
_mDHA